Which African city is further north? - Statistics

General Stats
  • This quiz has been taken 90 times
  • The average score is 7 of 14
Answer Stats
Question Answer % Correct
Algiers or Tunis? Tunis
100%
Tripoli or Casablanca? Casablanca
80%
Dakar or Khartoum? Kharthoum
70%
Cairo or Marrakesh? Marrakesh
70%
Abidjan or Accra? Accra
50%
Harare or Antananarivo? Harare
50%
N'Djamena or Kano? N'Djamena
50%
Conarky or Addis Ababa? Conarky
40%
Mombasa or Kinshasa? Kinshasha
40%
Monrovia or Lagos? Lagos
40%
Port Louis or Windhoek? Port Louis
40%
Libreville or Kampala? Libreville
30%
Maputo or Johannesburg Maputo
30%
Bamako or Djibouti? Bamako
10%
No matching quizzes found
Score Distribution
Percent of People with Each Score
Percentile by Number Answered
Your Score History
You have not taken this quiz